| 000 | 01198nam0a22002771 4500 | ||
|---|---|---|---|
| 001 | v19\rc\2025662 | ||
| 005 | 20251118181459.0 | ||
| 035 | _a(NLR Aleph) 005105546 | ||
| 090 |
_a7437843 _c7437843 |
||
| 100 | _a20080925d1916 u y0rusy50 ca | ||
| 101 | 0 | _arus | |
| 102 | _aRU | ||
| 105 | _ay z ||||| | ||
| 200 | 1 |
_aДокладная записка Общества взаимопомощи мясоторговцев г. Москвы [по вопросу о необходимости привлечь самих мясоторговцев к разрешению в Москве мясн. кризиса и об условиях успешности их работы] _fПравл. О-ва взаимопомощи мясоторговцев г. Москвы |
|
| 210 |
_aМосква _d1916 |
||
| 215 |
_a10 с. _d36 |
||
| 710 | 0 | 2 |
_aМосковское общество взаимопомощи мясоторговцев _9660185 _3RU\NLR\AUTH\880500175 |
| 801 | 0 |
_aRU _bNLR _gpsbo |
|
| 801 | 0 |
_aRU _bRuMoRGB _2psbo |
|
| 801 | 1 |
_aRU _bProSoft-M _2rusmarc |
|
| 852 |
_aNLR _j37.58.2.310 |
||
| 899 |
_aRuMoRGB _jV 211/99 |
||
| 942 | _cBOOK | ||
| 980 | _aNB | ||